The peformance and design of Alternations cumment machines (Record no. 2465)

MARC details
000 -LEADER
fixed length control field 00421nam a22001697a 4500
005 - DATE AND TIME OF LATEST TRANSACTION
control field 20160613100518.0
008 - FIXED-LENGTH DATA ELEMENTS--GENERAL INFORMATION
fixed length control field 160613b xxu||||| |||| 00| 0 eng d
020 ## - INTERNATIONAL STANDARD BOOK NUMBER
ISBN 81-239-1027-4
041 ## - LANGUAGE CODE
Language code of text/sound track or separate title eng
082 ## - DEWEY DECIMAL CLASSIFICATION NUMBER
Item number 7090
100 ## - MAIN ENTRY--AUTHOR NAME
Personal name Say M.G.
245 ## - TITLE STATEMENT
Title The peformance and design of Alternations cumment machines
260 ## - PUBLICATION, DISTRIBUTION, ETC. (IMPRINT)
Name of publisher CBS Publication
Year of publication 1983
300 ## - PHYSICAL DESCRIPTION
Number of Pages 664
650 ## - SUBJECT ADDED ENTRY--TOPICAL TERM
Topical Term Management
942 ## - ADDED ENTRY ELEMENTS (KOHA)
Koha item type Books
Holdings
Lost status Damaged status Collection code Home library Current library Shelving location Date acquired Cost, normal purchase price Full call number Accession Number Koha item type
    Reference JRU Library   SHELF -72- G 13/06/2016 320.00 7090 7090 Books
      JRU Library   SHELF-39-E 13/06/2016 320.00 7090 7091 Books
      JRU Library   SHELF-39-E 13/06/2016 320.00 7090 7092 Books